Premier League Appearances by Nationality: Cameroon - Statistics

General Stats
  • This quiz has been taken 8 times
  • The average score is 3 of 10
Answer Stats
Appearances Player % Correct
190 Alex Song
57%
155 Benoit Assou-Ekotto
57%
150 Joel Matip
57%
155 Bryan Mbeumo
43%
147 Geremi
14%
184 Lauren
14%
177 Sebastian Bassong
14%
93 Allan Nyom
0%
92 Joseph Desire-Job
0%
73 Marc-Vivien Foe
0%
No matching quizzes found
Score Distribution
Percent of People with Each Score
Percentile by Number Answered
Your Score History
You have not taken this quiz